Thomas and Friends - Season 16 Episodes - Statistics

General Stats
  • This quiz has been taken 23 times
  • The average score is 11 of 20
Answer Stats
Episode #
Episode Title % Correct
9 Bust My Buffers
75%
18 Don't Bother Victor!
75%
10 Percy and the Calliope
75%
13 Sodor Surprise Day
75%
14 Emily's Winter Party Special
50%
3 Express Coming Through
50%
6 Flash Bang Wallop!
50%
19 Happy Birthday Sir!
50%
5 Ho Ho Snowman
50%
2 Ol' Wheezy Wobbles
50%
4 Percy and the Monster of Brendam
50%
1 Race to the Rescue
50%
12 Salty's Surprise
50%
20 The Christmas Tree Express
50%
7 Thomas and the Rubbish Train
50%
8 Thomas Toots the Crows
50%
17 Welcome Stafford!
50%
16 Whiff's Wish
50%
15 Muddy Matters
25%
11 Thomas and the Sounds of Sodor
25%
No matching quizzes found
Score Distribution
Percent of People with Each Score
Percentile by Number Answered
Your Score History
You have not taken this quiz